Представление документа в формате RUSMARC

ПолеНазваниеЗначение
  Тип записи a
  Библиографический уровень m
001 Контрольный номер b52b0301cf474dfe97ccc13fe7cef728
005 Дата корректировки 20171117110259.4
010 Индекс ISBN __
a ISBN 978-5-394-02429-0
101 Язык документа 0_
a Язык текста rus
102 Страна публикации __
a Страна публикации RU
200 Заглавие и сведения об ответственности 1_
a Заглавие Товароведение и экспертиза швейных, трикотажных и текстильных товаров
e Сведения, относящиеся к заглавию учеб. пособие
f Первые сведения об ответственности И. Ш. Дзахмишева [и др.]
b Общее обозначение материала Текст
g Последующие сведения об ответственности под общ. ред. И. Ш. Дзахмишевой
205 Сведения об издании __
a Основные сведения об издании 5-е изд.
210 Выходные данные 1_
c Издательство Дашков и К
a Место издания М.
d Дата издания 2017
215 Физическое описание __
a Объем 344, [2] с.
300 Общие примечания __
a Общие примечания Словарь терминов: с. 332-342
320 Библиография __
a Библиография Лит.: с.343-345
610 Ключевые слова 0_
a Ключевые слова товароведение непродовольственных товаров
610 Ключевые слова 0_
a Ключевые слова швейные товары
610 Ключевые слова 0_
a Ключевые слова трикотаж
610 Ключевые слова 0_
a Ключевые слова текстиль
610 Ключевые слова 0_
a Ключевые слова ткани
610 Ключевые слова 0_
a Ключевые слова нитки
610 Ключевые слова 0_
a Ключевые слова фурнитура
610 Ключевые слова 0_
a Ключевые слова качество товаров
610 Ключевые слова 0_
a Ключевые слова дефекты товаров
610 Ключевые слова 0_
a Ключевые слова информационное обеспечение товаров
610 Ключевые слова 0_
a Ключевые слова товарный знак
610 Ключевые слова 0_
a Ключевые слова маркировка
610 Ключевые слова 0_
a Ключевые слова реклама
610 Ключевые слова 0_
a Ключевые слова правила приемки
610 Ключевые слова 0_
a Ключевые слова сертификация
610 Ключевые слова 0_
a Ключевые слова идентификация
610 Ключевые слова 0_
a Ключевые слова оценка качества
610 Ключевые слова 0_
a Ключевые слова гигиенические показатели
610 Ключевые слова 0_
a Ключевые слова эстетические показатели
610 Ключевые слова 0_
a Ключевые слова конкурентоспособность
a Ключевые слова учебное пособие
a Ключевые слова гриф
a Ключевые слова высшее образование
686 Индексы других классификаций __
2 Код системы rubbk
686 Индексы других классификаций __
a Классификационный индекс 30.609я73
2 Код системы rubbk
701 Альтернативная интеллектуальная ответственность _1
a Фамилия Дзахмишева
b Имя И. Ш.
e Роль лиц Автор
4 Код отношения 070
701 Альтернативная интеллектуальная ответственность _1
a Фамилия Балаева
b Имя С. И.
e Роль лиц Автор
4 Код отношения 070
701 Альтернативная интеллектуальная ответственность _1
a Фамилия Блиева
b Имя М. В.
e Роль лиц Автор
4 Код отношения 070
701 Альтернативная интеллектуальная ответственность _1
a Фамилия Алагирова
b Имя Р. М.
e Роль лиц Автор
4 Код отношения 070
702 Вторичная интеллектуальная ответственность _1
a Фамилия Дзахмишева
b Имя И. Ш.
4 Код отношения 340
e Роль лиц Редактор
801 Источник записи _0
a Страна RU
b Организация РУК
c Дата составления 20171117
g Правила каталогизации PSBO
801 Источник записи _1
a Страна RU
b Организация РУК
g Правила каталогизации PSBO
852 Данные о местонахождении __
i Авторский знак Т 50
j Шифр хранения ББК 30.609
901 Тип документа __
t Тип документа m
937 Технологическая информация __
a Создатель записи (имя) Мясникова Г.Ю,
938 Служебная информация __
a Название организации Головной вуз
952 Тип литературы __
b Гриф литературы для ВШ гриф
c Вид литературы учебное пособие